00806cam a2200193 a 450000100100000000500170001000800410002704000300006808200180009810000300011624501550014626000620030130000250036350000820038860000410047065000150051165100430052665100430056900000692520200929154025.0010326s1956 sp 001 s spa d aDO-SdBNPbspacDLCdBNPHU a868.68bM379h1 aMartín Artajo, Alberto.10aHacia la comunidad hispánica de naciones /cdiscursos del Excm. señor Ministro de Asuntos Exteriores D. Alberto Martín Artajo desde 1945 a 1955. aMadrid, España :bEdiciones Cultura Hispánica,c1956. a141, xi p. ;c22 cm. aApendice: discurso pronunciado ... Madrid, 12 de octubre de 1956 (p. [i]-xi).14aMARTÍN ARTAJO, ALBERTO,xDISCURSOS 4aHispanidad 4aAmérica LatinaxRelacioneszEspaña 4aEspañaxRelacioneszAmérica Latina